| 000 | 00764cam a22002531 4500 | ||
|---|---|---|---|
| 001 | 29664 | ||
| 003 | BD-RjUL | ||
| 005 | 20211209051436.0 | ||
| 008 | 140406s1965 nyua b 001 0 eng d | ||
| 035 | _a(BD-RjUL)29749 | ||
| 035 | _a(OCoLC)190691 | ||
| 040 |
_aDLC _cODaWU _dOCoLC _dUk _dDLC _dBD-RjUL _beng |
||
| 041 | _aeng | ||
| 082 | 0 | 0 |
_a152.8 _bDUI 1965 |
| 100 | 1 |
_aDu Bois, Philippe Goibaud, _d1626-1694. _990354 |
|
| 245 | 1 | 3 |
_aAn introduction to psychological statistics / _cby Philip H. Du Bois. |
| 260 |
_aNew York : _bHarper & Row, _c1965. |
||
| 300 |
_axi, 530 p. : _billus. ; _c25 cm. |
||
| 504 | _aIncludes bibliographies. and Index | ||
| 650 | 0 |
_aPsychometrics. _95211 |
|
| 942 |
_2ddc _cBK |
||
| 999 |
_c29664 _d29664 |
||